Information security and cyber laws: Principles and practice (Record no. 13516)

MARC details
000 -LEADER
fixed length control field 00475nam a2200169Ia 4500
008 - FIXED-LENGTH DATA ELEMENTS--GENERAL INFORMATION
fixed length control field 230917s9999||||xx |||||||||||||| ||und||
020 ## - ISBN
Price RS150
040 ## - CATALOGING SOURCE
-- 222361
Original cataloging agency VIVEKANANDA LIBRARY
041 ## - Language
-- English
082 ## - DDC NUMBER
Classification number 005.8 J239I
100 ## - MAIN ENTRY--PERSONAL NAME
Personal name Jamshed, Aatif
245 #0 - TITLE STATEMENT
Title Information security and cyber laws: Principles and practice
260 ## - PUBLICATION, DISTRIBUTION, ETC. (IMPRINT)
Place of publication, distribution, etc New Delhi
Name of publisher, distributor, etc Asian Books
Date of publication, distribution, etc 2014
300 ## - PHYSICAL DESCRIPTION
Pages xv, 167 p.
500 ## - GENERAL NOTE
General note 1813 09/01/2015 ASIAN3261 14/01/2015 Main Budget
942 ## - ADDED ENTRY ELEMENTS (KOHA)
Koha item type Books
Holdings
Withdrawn status Lost status Damaged status Not for loan Location (home branch) Sublocation or collection (holding branch) Date acquired Koha issues (times borrowed) Koha full call number Accession No. Koha date last seen Koha item type
        VIVEKANANDA LIBRARY VIVEKANANDA LIBRARY 18/02/2015   005.8 J239I 337518 17/09/2023 Books
        VIVEKANANDA LIBRARY VIVEKANANDA LIBRARY 18/02/2015 1 005.8 J239I 337519 13/04/2026 Books
        VIVEKANANDA LIBRARY VIVEKANANDA LIBRARY 18/02/2015 1 005.8 J239I 337520 02/04/2024 Books
        VIVEKANANDA LIBRARY VIVEKANANDA LIBRARY 18/02/2015   005.8 J239I 337521 17/09/2023 Books
        VIVEKANANDA LIBRARY VIVEKANANDA LIBRARY 18/02/2015 1 005.8 J239I 337522 25/04/2025 Books
© Designed and Maintained by Vivekananda Library, MDU Rohtak